Mega Spelling Bee- Sudden Death - Statistics

General Stats
  • This quiz has been taken 924 times
    787 since last reset
  • The average score is 13 of 32
Answers on the Grid
Answers color-coded by a green-red scale on the quiz's grid according to % correct below.
Acceptable
Accommodate
Achieve
Aggressive
Bachelor
Bolognese
Broccolli
Bureaucrasy
Cementary
Chauffeur
Circumference
Connoisseur
Consensus
Deceive
Definitely
Descison
Desperately
Edition
Embarass
Entrepreneur
Existence
Fuchsia
Gazpacho
Glacier
Handkerchief
Harrass
Heirarchy
Ignorance
Intelligence
Interrupt
Maintainance
Marijuana
Mediterranean
Nessessary
Paradice
Parashoot
Pharaoh
Pronunciation
Psychiatrist
Publicly
Quartet
Ridiculous
Sacreligious
Sargeant
Semiphore
Surveillance
Vineger
Yohgurt
 
Answer Stats
Answer % Correct
Ignorance
51%
Edition
49%
Achieve
47%
Definitely
47%
Intelligence
47%
Acceptable
46%
Interrupt
46%
Bachelor
45%
Marijuana
45%
Ridiculous
44%
Aggressive
43%
Pharaoh
43%
Psychiatrist
43%
Chauffeur
42%
Existence
42%
Glacier
42%
Surveillance
42%
Handkerchief
40%
Circumference
39%
Deceive
38%
Entrepreneur
37%
Pronunciation
37%
Bolognese
36%
Desperately
36%
Mediterranean
36%
Quartet
36%
Accommodate
35%
Publicly
33%
Consensus
32%
Gazpacho
29%
Fuchsia
27%
Connoisseur
25%
No matching quizzes found
Score Distribution
Percent of People with Each Score
Percentile by Number Answered
Your Score History
You have not taken this quiz since the last reset